Church and Challenge in a New Africa : Political Sermons / (Record no. 216436)
[ view plain ]
| 000 -LEADER | |
|---|---|
| fixed length control field | 00623nam a22001937a 4500 |
| 005 - DATE AND TIME OF LATEST TRANSACTION | |
| control field | 20260316163235.0 |
| 008 - FIXED-LENGTH DATA ELEMENTS--GENERAL INFORMATION | |
| fixed length control field | 260316b ||||| |||| 00| 0 eng d |
| 040 ## - CATALOGING SOURCE | |
| Original cataloging agency | LC |
| Transcribing agency | UNZA |
| Modifying agency | UNZA |
| Description conventions | RDA |
| 050 ## - LIBRARY OF CONGRESS CALL NUMBER | |
| Classification number | ZAMB BR 1443.Z2 |
| Item number | MOR 1964 |
| 100 ## - MAIN ENTRY--PERSONAL NAME | |
| Personal name | Morris, Colin |
| 245 ## - TITLE STATEMENT | |
| Title | Church and Challenge in a New Africa : Political Sermons / |
| Statement of responsibility, etc. | Colin Morris |
| 260 ## - PUBLICATION, DISTRIBUTION, ETC. | |
| Place of publication, distribution, etc. | London: |
| Name of publisher, distributor, etc. | Epworth Press, |
| Date of publication, distribution, etc. | 1964. |
| 300 ## - PHYSICAL DESCRIPTION | |
| Extent | 155 pages. |
| 650 ## - SUBJECT ADDED ENTRY--TOPICAL TERM | |
| Topical term or geographic name entry element | Indigenous religious practices |
| 650 ## - SUBJECT ADDED ENTRY--TOPICAL TERM | |
| Topical term or geographic name entry element | African Traditional Religions (ATR) |
| 650 ## - SUBJECT ADDED ENTRY--TOPICAL TERM | |
| Topical term or geographic name entry element | political landscape |
| Geographic subdivision | Africa |
| 650 ## - SUBJECT ADDED ENTRY--TOPICAL TERM | |
| Topical term or geographic name entry element | Traditional church models. |
| 999 ## - | |
| -- | 216436 |
| -- | 216436 |
| 942 ## - ADDED ENTRY ELEMENTS (KOHA) | |
| Koha item type | Zambian collection |
| Withdrawn status | Lost status | Source of classification or shelving scheme | Damaged status | Not for loan | Home library | Current library | Shelving location | Date acquired | Total Checkouts | Full call number | Barcode | Date last seen | Copy number | Price effective from | Koha item type |
|---|---|---|---|---|---|---|---|---|---|---|---|---|---|---|---|
| Library of Congress Classification | Main Library | Main Library | Special collections | 03/16/2026 | ZAMB BR1443.Z2 MOR 1964 | 33729000122908 | 03/16/2026 | C.1 | 03/16/2026 | Zambian collection |